004280000a22001090004500090001700000245011200017041001400129100003900143942001300182773010600195999001700301 aASbSeriadas10aAlgunas consideraciones sobre la palma de cera del Quindio y sobre la flor de mayo como simbolos nacionales0 aEspañol1 aDíaz Piedrahita, Santiago995842 cARTICULO1 tRevista de la Academia Colombiana de Ciencias Exactas, Fisicas y Naturales332h62q145-151d1987g16 c14088d14088